Nebraska State Parks Quiz - Statistics

General Stats
  • This quiz has been taken 13 times
  • The average score is 6 of 8
Answers on the Map
Answers color-coded by a green-red scale on the quiz's map according to % correct below.
 
Answer Stats
Answer % Correct
Chadron State Park
100%
Indian Cave State Park
88%
Smith Falls State Park
88%
Mahoney State Park
75%
Fort Robinson State Park
63%
Platte River State Park
63%
Ponca State Park
63%
Niobara State Park
25%
No matching quizzes found
Score Distribution
Percent of People with Each Score
Percentile by Number Answered
Your Score History
You have not taken this quiz